MARC

LEADER 00000nam0a2200000 4500
001 92658
005 20231031104800.0
010 |a 5256002910 
035 |a (RuTPU)RU\TPU\book\99263 
090 |a 92658 
100 |a 20060316d1989 km y0rusy50 ca 
101 0 |a rus 
102 |a RU 
105 |a a z 001zy 
200 1 |a Тестовый контроль микропроцессорных БИС на производстве  |f Г. М. Ясинявичене [и др.] 
210 |a Москва  |c Радио и связь  |d 1989 
215 |a 121 с.  |c ил. 
225 1 |a Библиотека конструктора-технолога радиоэлектронной аппаратуры 
320 |a Библиогр.: с. 118-121 
610 1 |a тесты 
610 1 |a контроль 
610 1 |a радиоаппаратура 
610 1 |a радиоэлектронная аппаратура 
610 1 |a микроэлектронные схемы 
675 |a 621.382.049.771  |v 3 
701 1 |a Ясинявичене  |b Г. М.  |g Геновайте Мариновна 
701 1 |a Винцович  |b Б. Б.  |g Бургис Бронисловас 
701 1 |a Мецаев  |b Е. А.  |g Евгений Амурханович 
701 1 |a Гребликас  |b И-А. К.  |g Ионас-Альгирдас Константинович 
801 1 |a RU  |b 63413507  |c 20060316  |g PSBO 
801 2 |a RU  |b 63413507  |c 20150525  |g PSBO 
942 |c BK